00477nam a2200121Ia 4500008004100000100001100041245011000052245002600162650001300188856006200201999001900263952007300282170221s9999 xx 000 0 und d aYan Lu aToo Good to be True? An Analysis of the Options Market's Reactions to Earnings Releases (pages 830–848) cYan Lu and Sugata Ray xBusiness uhttp://onlinelibrary.wiley.com/doi/10.1111/jbfa.12214/pdf c307965d307965 001040aCLbCLd2017-02-21l0r2017-02-21 00:00:00w2017-02-21yFOJ